Mamma Mia Quiz! - Statistics

General Stats
  • This quiz has been taken 727 times
  • The average score is 6 of 13
Answer Stats
Hints Answer % Correct
How many times has Tanya been married? Three
90%
Who borrows Donna's guitar? Harry Bright
80%
What is the first song sung in the movie? I have a dream
76%
Flag on Bills boat Swedish
74%
Where does Harry work In a Bank
58%
What is Sams job? Architect
44%
Sophie's friends names Ali and Lisa
41%
Actor that plays Sky Dominic Cooper
41%
What animal is on the courtyard? Dolphin
39%
What is the name of the guy in does your mother know? Pepper
35%
Where does Donna say she must go? Las Vegas or Monaco
20%
What real island is Mamma Mia filmed on? Skopelos
20%
Harry says he is doing what on the island spontaneous adventure
20%
No matching quizzes found
Score Distribution
Percent of People with Each Score
Percentile by Number Answered
Your Score History
You have not taken this quiz